000
00235 a2200097 4500
001
32898
100
_a
Eriksson
245
_a
Computational Differential Equations
260
_a
NY
_b
Cambridge University Press
_c
090
_c
22049
_d
22049
942
_a
NUST-CAE
_c
M
_c
13391
999
_c
267971
_d
267971